| 000 | 01376nab a2200241 i 4500 | ||
|---|---|---|---|
| 001 | 768714001 | ||
| 003 | CO-MdFUSB | ||
| 005 | 20240609105509.0 | ||
| 008 | 240604t1977 ag ||||| |||| 00| 0 spa d | ||
| 040 |
_bspa _cCO-MdFUSB _dCO-MdFUSB |
||
| 041 | _aspa | ||
| 100 | _eautor | ||
| 245 | 3 |
_aEl éxodo de Yangana o Canto de un pueblo _c/ Manuel Zabala y Washington Padilla |
|
| 520 | _aEn la historia ecuatoriana, el Éxodo Yangana, también conocido como Canción para el Pueblo, de Angel F. Rojas,es muy significativo debido a su mensaje masculino, uso creativo de imágenes y diseño astuto. El hecho de que Rojas se concentre en temas que otros escritores ecuatorianos evitan es lo que le ha valido una importante reputación entre la crítica. La historia de un pueblo nómada en camino hacia un destino incierto pero libre, dejando atrás las cenizas de una población anciana condenada a morir por una ambición insostenible: este es, en definitiva, el tema central. | ||
| 650 | 0 |
_aEsperanza de vida _91113 |
|
| 650 | 7 |
_aArte y religión _96946 |
|
| 650 | 0 |
_aCristianismo en la literatura _91198 |
|
| 650 | 7 |
_aDios _9178 |
|
| 650 | 7 |
_aFe _9531 |
|
| 773 | 0 |
_069974 _982718 _dBuenos Aires _oR2610 _tCerteza _w(CO-MdFUSB)768714001 _gNúmero 66, (abril- junio, 1977) páginas: 44 - 47 _qpágina: 44 |
|
| 942 | _cANA | ||
| 945 | _aCatherine Arias Álvarez - Practicante SENA | ||
| 999 |
_c70051 _d70051 |
||